| 000 -CABECERA |
| fixed length control field |
01750nam a22002537a 4500 |
| 003 - IDENTIFICADOR DEL NÚMERO DE CONTROL |
| control field |
AR-CdUCM |
| 008 - DATOS DE LONGITUD FIJA--INFORMACIÓN GENERAL |
| fixed length control field |
190429b ||||| |||| 00| 0 spa d |
| 040 ## - FUENTE DE LA CATALOGACIÓN |
| Agencia/entidad que catalogó originalmente la obra |
MUNICIPALIDAD PROVINCIAL DEL CUSCO |
| Entidad que transcribió la catalogación |
BIBLIOTECA MUNICIPAL DEL CUSCO |
| 082 ## - NÚMERO DE LA CLASIFICACIÓN DECIMAL DEWEY |
| No. de Clasificación |
Cuzco/N°4/1942 |
| 245 ## - MENCIÓN DE TÍTULO |
| Título |
Revista Cuzco : |
| Resto del título |
publicación mensual / |
| Mención de responsabilidad |
Ángel G. Appiani S. director y fundador |
| 260 ## - PUBLICACIÓN, DISTRIBUCIÓN, ETC. |
| Lugar de publicación, distribución, etc. |
Cuzco : |
| Nombre de la editorial, distribuidor, etc. |
H.G. Rozas, |
| Fecha de publicación, distribución, etc. |
1942. |
| 300 ## - DESCRIPCIÓN FÍSICA |
| Nº de Páginas Extensión |
40 páginas. : |
| Otros detalles físicos |
ilustraciones ; |
| Dimensiones |
34 cm. |
| 440 ## - MENCIÓN DE SERIE/PUNTO DE ACCESO ADICIONAL--TÍTULO |
| Título |
Cuzco revista mensual. |
| Número de la parte/sección de una obra |
Año II, N°4, octubre, noviembre 1942. |
| 9 (RLIN) |
47474 |
| 505 ## - NOTA DE CONTENIDO CON FORMATO |
| Nota de contenido formateada |
Contenido: Homenaje de la docencia universitaria. -- Carta a Ángel Appiani muerto a la hora del alba. Luis Nieto. -- Piedras blancas los amigos de Ángel Appiani. -- Sociología peruana los peores enemigos de los incas. John H. Rowe. -- Arqueología nacional las canteras de Cachi ccata. Antonio Astete Abrill. -- Ensayos folkloricos juegos infantiles del Chinchaysuyo Chawi Chuncay. -- Problemas sociales de América el desarrollo de una comunidad indígena. Federico Ponce de León.-- Los grandes novelistas de América el mundo es ancho y ajeno de Ciro Alegría. José Gabriel Cosio. -- En la region del Madre de Dios cuadro lacerante del más terrible ascetismo. -- Los Amaru mayos del río mar de Amazonas. -- Temas de nuestro tiempo la prensa en la batalla por la cultura. Julio G. Gutiérrez. -- La medicina aborigen del antiguo Perú. -- Párrafos de Víctor Hugo. |
| 650 ## - PUNTO DE ACCESO ADICIONAL DE MATERIA--TÉRMINO DE MATERIA |
| Descriptor |
Historia del Cusco |
| 9 (RLIN) |
1714 |
| 650 ## - PUNTO DE ACCESO ADICIONAL DE MATERIA--TÉRMINO DE MATERIA |
| Descriptor |
Literatura cusqueña |
| 9 (RLIN) |
47467 |
| 650 ## - PUNTO DE ACCESO ADICIONAL DE MATERIA--TÉRMINO DE MATERIA |
| Descriptor |
Poesía cusqueña |
| 9 (RLIN) |
2323 |
| 650 ## - PUNTO DE ACCESO ADICIONAL DE MATERIA--TÉRMINO DE MATERIA |
| Descriptor |
Siglo XX |
| 9 (RLIN) |
47468 |
| 700 ## - PUNTO DE ACCESO ADICIONAL--NOMBRE DE PERSONA |
| Nombre Personal |
Rowe, John H |
| 9 (RLIN) |
31394 |
| 700 ## - PUNTO DE ACCESO ADICIONAL--NOMBRE DE PERSONA |
| Nombre Personal |
Astete Abrill, Antonio |
| 9 (RLIN) |
32447 |
| 700 ## - PUNTO DE ACCESO ADICIONAL--NOMBRE DE PERSONA |
| Nombre Personal |
Ponce de León, Federico |
| 9 (RLIN) |
45883 |
| 942 ## - ELEMENTOS DE PUNTO DE ACCESO ADICIONAL (KOHA) |
| Fuente de clasificación |
|
| Tipo de item |
Revistas cusqueñas |
| 945 ## - PROCESAMIENTO DE INFORMACIÓN LOCAL (OCLC) |
| Catalogador |
rac |